000 00228nam a22000977a 4500
999 _c16186
_d16186
003 OSt
008 200617b ||||| |||| 00| 0 eng d
100 _aMichael Hardwick
_94605
245 _aThe Sherlock Holmes Companion
942 _cBK